000
00287nam a2200133Ia 4500
100
_a
Tawade.P.P/ Palan/ N.G.
250
_a
3
942
_c
BK
654
_a
digital
245
_a
Digital Electronics
260
_b
Technova
_a
Pune
_c
1997
082
_a
621.395
_b
TAW/PAL
546
_a
ENGLISH
999
_c
18387
_d
18387